|
|
|
|
| LEADER |
00000cam a2200000 7i4500 |
| 001 |
0000191663 |
| 005 |
20150318.0 |
| 020 |
|
|
|a 9789835975295
|
| 090 |
0 |
0 |
|a 899.28
|b MOH
|
| 100 |
0 |
|
|a Mohd. Azam Ahmad
|
| 245 |
1 |
0 |
|a Komsas tingkatan 1
|c Dr. Mohd. Azam Ahmad, Reny Azrena Abd. Rahman
|
| 260 |
|
|
|a Petaling Jaya :
|b Sasbadi Sdn. Bhd. ,
|c 2015
|
| 300 |
|
|
|a 152p. ;
|c 21cm.
|
| 490 |
0 |
|
|a Kupasan & kajian bijak
|
| 650 |
0 |
0 |
|a Malay literature
|x PT3
|
| 700 |
0 |
|
|a Reny Azrena Abd. Rahman
|
| 999 |
|
|
|a 00306582
|b BUKU
|c RUJUKAN ULANGKAJI
|e PERPUSTAKAAN KOMUNITI PETALING JAYA
|
| 999 |
|
|
|a 00306583
|b BUKU
|c RUJUKAN ULANGKAJI
|e PERPUSTAKAAN KOMUNITI PETALING JAYA
|
| 999 |
|
|
|a 00306585
|b BUKU
|c RUJUKAN ULANGKAJI
|e PERPUSTAKAAN KOMUNITI PETALING JAYA
|
| 999 |
|
|
|a 00306587
|b BUKU
|c PINJAMAN
|e PERPUSTAKAAN KOMUNITI PETALING JAYA
|
| 999 |
|
|
|a 00306588
|b BUKU
|c PINJAMAN
|e PERPUSTAKAAN KOMUNITI PETALING JAYA
|
| 999 |
|
|
|a 00306589
|b BUKU
|c PINJAMAN
|e PERPUSTAKAAN KOMUNITI PETALING JAYA
|
| 999 |
|
|
|a 00306594
|b BUKU
|c RUJUKAN ULANGKAJI
|e PERPUSTAKAAN KOMUNITI CAW TAMAN MEDAN
|
| 999 |
|
|
|a 00306595
|b BUKU
|c PINJAMAN
|e PERPUSTAKAAN KOMUNITI CAW TAMAN MEDAN
|
| 999 |
|
|
|a 00306596
|b BUKU
|c PINJAMAN
|e PERPUSTAKAAN KOMUNITI CAW TAMAN MEDAN
|
| 999 |
|
|
|a 00306597
|b BUKU
|c PINJAMAN
|e PERPUSTAKAAN KOMUNITI CAW TAMAN MEDAN
|